[Event "Basel op 24th"]
[Site "Basel"]
[Date "2022.03.05"]
[Round "2"]
[White "Staeuble, Florian"]
[Black "Rohrer, Christophe"]
[Result "0-1"]
[WhiteElo "1814"]
[BlackElo "2255"]
[PlyCount "66"]
[EventDate "2022.03.04"]
[EventType "swiss"]
[EventRounds "5"]
[EventCountry "SUI"]
[SourceTitle "EXT 2024"]
[Source "ChessBase"]
[SourceDate "2023.10.10"]
[SourceVersion "1"]
[SourceVersionDate "2023.10.10"]
[SourceQuality "1"]

1. e4 e5 2. Nf3 Nc6 3. d3 d5 4. Nbd2 Nf6 5. g3 Bc5 6. Bg2 0-0 7. 0-0 Bg4 8. h3 Be6 9. Re1 dxe4 10. dxe4 h6 11. Qe2 Qd7 12. Kh2 Rad8 13. Nb3 Bb6 14. Be3 Qe7 15. c3 Ne8 16. Rad1 Nd6 17. Nfd2 Bxe3 18. Qxe3 b6 19. Qe2 a5 20. f4 a4 21. Nc1 Na5 22. f5 Bd7 23. h4 Bb5 24. Qh5 Ne8 25. Bf1 Nf6 26. Qf3 Qc5 27. b4 axb3 28. axb3 Bxf1 29. b4 Ng4+ 30. Kh1 Qf2 31. Qxf2 Nxf2+ 32. Kg1 Nxd1 33. Nc4 Nxc4 0-1